002020000a220007300045001000021000002450048000210410013000697730046000821 aGaston, Kevin J.10aMagnitude of global insect species Richness0 aInglés1 tConservation biologyh3q283-296d1991g5